Multiple Choice Bible Quiz - Statistics

General Stats
  • This quiz has been taken 557 times
  • The average score is 7 of 15
Answer Stats
Question Answer % Correct
In which city was Jesus born? Bethlehem
90%
Which king wrote majority of the Psalms in the book of Psalms? David
85%
Who wrote the first five books of the Bible? Moses
83%
What is "the place of a skull" in Hebrew? Golgotha
80%
What was the land of Canaan plenteous in? Milk and honey
80%
What were the last last words of Jesus (KJV)? "It is finished"
73%
How many chapters does Isaiah have? 66
58%
What is the shortest chapter in the KJV Bible? Psalm 117
53%
Which book has the second most chapters in the KJV Bible? Isaiah
33%
Which word begins most of the chapters in the KJV Bible? And
32%
How many chapters are in the KJV Bible? 1,189
20%
What is the last word in the Old Testament? Curse
20%
How many times does the word 'love' appear in the King James Version (KJV) Bible? 310
18%
Over how many languages has the Bible been translated into? 690
12%
Who wrote the most of the New Testament of any author (KJV)? Luke
2%
No matching quizzes found
Score Distribution
Percent of People with Each Score
Percentile by Number Answered
Your Score History
You have not taken this quiz